000
00337nam a2200133 i 4500
001
bg
100
1
_a
POL'KIN, I. S.
245
0
_a
Uprocnjajuscaja termiczeskaja obrabotka titanowych spławow /
_c
I.S. Pol'kin.
260
_a
Moskwa,
_c
1984.
040
_c
BPK
041
_a
pol
942
_c
KS
008
s pl f |000 0 pol
999
_c
28081
_d
28081